Water voices [Đĩa CD-ROM]/
Wedi'i Gadw mewn:
| Fformat: | CD |
|---|---|
| Cyhoeddwyd: |
[?] :
Halsey Street Ltd. in association with Asian Development Bank,
2003
|
| Tagiau: |
Ychwanegu Tag
Dim Tagiau, Byddwch y cyntaf i dagio'r cofnod hwn!
|
| Thư viện lưu trữ: | Thư viện Trường Đại học Đà Lạt |
|---|
| LEADER | 00701nam a2200241 4500 | ||
|---|---|---|---|
| 001 | DLU050047706 | ||
| 005 | ##19870807000000.0 | ||
| 008 | ##810302s1980 enk 000 0 eng | ||
| 010 | # | # | |a 81455474 |
| 015 | # | # | |a GB*** |
| 040 | # | # | |a DLC |c DLC |d DLC |
| 082 | # | # | |a 821.914 |b Wat |
| 245 | # | # | |a Water voices |b [Đĩa CD-ROM]/ |c Halsey Street Ltd. in association with Asian Development Bank |
| 260 | # | # | |a [?] : |b Halsey Street Ltd. in association with Asian Development Bank, |c 2003 |
| 300 | # | # | |a 1 đĩa CD-ROM 4 3/4 in. |
| 994 | # | # | |a DLU |
| 900 | # | # | |a True |
| 911 | # | # | |a Phan Ngọc Đông |
| 925 | # | # | |a CD |
| 926 | # | # | |a A |
| 927 | # | # | |a CD |
| 980 | # | # | |a Thư viện Trường Đại học Đà Lạt |


